| 000 | 02620nam a2200397 i 4500 | ||
|---|---|---|---|
| 001 | 196406 | ||
| 003 | ES-GrU | ||
| 005 | 20250817190705.0 | ||
| 007 | ta | ||
| 008 | 240716s2024 sp r 2 000 0 spa d | ||
| 017 |
_aM 13783-2024 _bOficina Depósito Legal Madrid |
||
| 020 |
_a9788417173913 _q(Tapa blanda) |
||
| 020 |
_a9788417173906 _q(Tapa dura) |
||
| 040 |
_aUGR _erda _bspa _cES-MaACL |
||
| 080 | _a7.069 | ||
| 245 | 1 | 3 |
_aLa memoria colonial en las colecciones Thyssen-Bornemisza : _b[Exposición: Museo Thyssen-Bornemisza], 25 de junio a 20 de octubre, 2024 |
| 264 | 1 |
_aMadrid : _bMuseo Thyssen-Bornemisza, _c2024 |
|
| 264 | 4 | _c©2024 | |
| 300 |
_a232 páginas ; _c28 cm |
||
| 336 |
_atexto _btxt _2rdacontent |
||
| 337 |
_asin mediación _bn _2rdamedia |
||
| 338 |
_avolumen _bnc _2rdacarrier |
||
| 520 | 3 |
_aExposición en el Museo Nacional Thyssen-Bornemisza del 25 de junio al 20 de octubre de 2024. La memoria colonial en las Colecciones Thyssen-Bornemisza es una relectura de una selección de 73 obras, integrada exclusivamente por obras de arte del Museo Nacional ThyssenBornemisza, de la Colección Carmen Thyssen y de la Colección Thyssen-Bornemisza Art Contemporary (TBA21), y recorre un largo tramo de la historia del arte occidental desde el siglo XVII hasta nuestros días. En ella se analiza la huella en el arte (no siempre explicita y casi siempre ignorada) de los grandes rasgos del colonialismo europeo: la sobreexplotación de los territorios de ultramar y de sus poblaciones, la construcción racial que impone una jerarquía según el color de piel, el esclavismo y la dominación violenta, la idealización del paisaje y la vida en las colonias, la sexualización de los habitantes de los territorios colonizados (especialmente las mujeres) y finalmente los testimonios de existencia, desde el cimarronaje hasta la lucha por los derechos civiles _2(Texto del editor) |
|
| 650 | 7 |
_aArte colonial _2embne _9169301 |
|
| 655 | 7 |
_2tgfbne _9193628 _aCatálogos de exposiciones |
|
| 700 |
_aLópez-Manzanares, Juan Ángel _9238902 _eorm |
||
| 700 | 1 |
_aCampo Rosillo, Alba, _9238903 _eorm |
|
| 700 | 1 |
_aGarcía López, Yeison F., _d1992- _9238904 _eorm |
|
| 700 | 1 |
_aPacheco González, Andrea, _9238905 _eorm |
|
| 710 | 2 |
_aMuseo Nacional Thyssen-Bornemisza _ehis _95926 |
|
| 852 |
_aES-MaACL _cDEPOJ _jN-10147 _xEncuadernación rústica _9206276 _hDonación: Editorial |
||
| 942 |
_cMONOGRAFIA _n0 |
||
| 999 |
_c196406 _d196406 |
||